00893cam a2200265 i 4500001001300000003000900013005001700022008004100039020001800080020001500098035002100113040004400134041000800178050002200186100002000208245008100228246003800309250002100347260004400368300003700412650005500449650006100504650004300565651001900608ocn951528608Co-BoUCM20171122140528.0171122s2016 paua 001 0 eng d a9780692480458 a0692480455 a(OCoLC)951528608 aCo-BoUCMbengcSaul NiñodSaul Niño0 aeng 4aHD1375b.L56 20161 aLinneman, Peter10aReal estate finance and investmentsbrisks and opportunitiescPeter Linneman aReal estate finance & investments aCuarta edición aPhiladelphiabLinneman Associatesc2016 aix, 493 páginasbilustraciones 7aImpuestos inmobiliarios zEstados UnidosxFinanzas 7aInversiones en bienes raíceszEstados UnidosxFinanzas 7aNegocios en bienes raíces xFinanzas 7aEstados Unidos